000 00330pam a2200157a 44500
008 230515b1980 xxu||||| |||| 00| 0 eng d
020 _aNULL
041 _aENGL
082 _a621.381/GRO
100 _aGROB
245 _aBASIC ELECTRONICS
250 _a5
260 _aNULL
_bMc. G
_c1980
300 _a937PB
650 _aNULL
999 _c615717
_d615717